000 00524cab a2200205 4500
001 ABS53737
008 090401t1995 xxu||||| |||| 00| 0 eng d
035 _a(Sirsi) u6312
041 _aeng
100 _aSmallman, S.
245 _aListed buildings
260 _c1995
350 _a0
490 _aProperty Profile
_v(18) 1995, 6-7(2)
520 _aAnswers some of the questions most often asked about Listed Buildings.
650 _aLISTED BUILDINGS
690 _aCONSERVATION
942 _n0
948 _c04/03/1997
999 _c3799
_d3799